Agrometeorology: A Simplified Textbook (Record no. 14528)
[ view plain ]
| 000 -LEADER | |
|---|---|
| fixed length control field | 00304nam a22001217a 4500 |
| 020 ## - INTERNATIONAL STANDARD BOOK NUMBER | |
| ISBN | 9789383305568 |
| 082 ## - DEWEY DECIMAL CLASSIFICATION NUMBER | |
| Classification number | 551.6 |
| Item number | KAT/AG |
| 100 ## - MAIN ENTRY--AUTHOR NAME | |
| Personal name | Kathiresan,G |
| 245 ## - TITLE STATEMENT | |
| Title | Agrometeorology: A Simplified Textbook |
| 260 ## - PUBLICATION, DISTRIBUTION, ETC. (IMPRINT) | |
| Place of publication | New India Publishing Agency |
| Name of publisher | New Delhi |
| Year of publication | 2015 |
| 300 ## - PHYSICAL DESCRIPTION | |
| Number of Pages | 182 |
| 942 ## - ADDED ENTRY ELEMENTS (KOHA) | |
| Koha item type | Books |
| Withdrawn status | Lost status | Damaged status | Collection code | Home library | Current library | Shelving location | Date acquired | Source of acquisition | Cost, normal purchase price | Full call number | Accession Number | Koha item type |
|---|---|---|---|---|---|---|---|---|---|---|---|---|
| KAUAET | KAUAET | General Stacks | 14/07/2016 | Arunima Book Distributors,TVPM | 895.00 | 551.6 KAT/AG | 24804 | Books | ||||
| KAUAET | KAUAET | General Stacks | 18/07/2016 | Ganesh Book Centre | 895.00 | 551.6 KAT/AG | 24845 | Books |
